Elenca la formazione - Quiz n°299 - Statistics

Statistiche generali
  • Questo quiz è stato fatto 41 volte
  • Il punteggio medio è 8 su 11
Statistiche sulle risposte
Ruolo Club dell'epoca Calciatore % Corretto
Portiere Liverpool Alisson
100%
Difensore Juventus Alex Sandro
97%
Attaccante Liverpool Roberto Firmino
97%
Mediano Real Madrid Casemiro
92%
Difensore Paris-Saint Germain Marquinhos
92%
Difensore Paris Saint-Germain Thiago Silva
92%
Centrocampista Barcellona Philippe Coutinho
67%
Difensore Paris Saint-Germain Dani Alves
64%
Centrocampista Barcellona Arthur
50%
Centrocampista Gremio Everton
25%
Centrocampista Manchester City Gabriel Jesus
25%
Nessun quiz corrispondente trovato
Distribuzione punteggi
Percentuale di utenti per punteggio
Percentile per numero di risposta
I tuoi punteggi nel tempo
Non hai fatto questo quiz